| 000 | 00353nam a2200133Ia 4500 | ||
|---|---|---|---|
| 008 | 240624s9999 xx 000 0 und d | ||
| 041 | _aeng | ||
| 082 | _a330 CAR | ||
| 100 | _aCARTER BRIAN | ||
| 245 | _aLIKE ECONOMY HOW BUSINESSES MAKE MONEY W | ||
| 260 |
_c2011 _aUnited States of America _bQue |
||
| 300 | _axv, : 263 : p. : cm. ; 23 | ||
| 365 |
_c _b26 |
||
| 999 |
_c20102 _d20102 |
||